Viaje a Oriente de la fragata de guerra Arapiles (Record no. 162885)
[ view plain ]
| 000 -LEADER | |
|---|---|
| campo de control de longitud fija | 01294nam a2200229 i 4500 |
| 001 - NÚMERO DE CONTROL | |
| campo de control | 162885 |
| 003 - IDENTIFICADOR DE NÚMERO DE CONTROL | |
| campo de control | ES-MaACL |
| 005 - FECHA Y HORA DE LA ÚLTIMA TRANSACCIÓN | |
| campo de control | 20230906212625.0 |
| 008 - DATOS DE LONGITUD FIJA--INFORMACIÓN GENERAL | |
| campo de control de longitud fija | 940615m18761882sp af |||| | spa d |
| 100 1# - ENTRADA PRINCIPAL--NOMBRE DE PERSONA | |
| Nombre de persona | Rada y Delgado, Juan de Dios de la. |
| 9 (RLIN) | 94904 |
| 245 10 - MENCIÓN DEL TÍTULO | |
| Título | Viaje a Oriente de la fragata de guerra Arapiles |
| Resto del título | : de la comisión científica que llevó a su bordo / |
| Mención de responsabilidad, etc. | escrito por el doctor Juan de Dios de la Rada y Delgado ... ; adornada con láminas en acero, litografiadas y cromo-litografiadas, hechas por ... Ricardo Velázquez. |
| 260 ## - PUBLICACIÓN, DISTRIBUCIÓN, ETC. | |
| Lugar de publicación, distribución, etc. | Barcelona : |
| Nombre del editor, distribuidor, etc. | Emilio Oliver y Cia, |
| Fecha de publicación, distribución, etc. | 1876-1882. |
| 300 ## - DESCRIPCIÓN FÍSICA | |
| Extensión | 3 v. (767 p., 29 h. de lám.; 727 p., 20 h. de lám.; 233 p., 15 h. de lám.) : |
| Otras características físicas | il. ; |
| Dimensiones | 33 cm. |
| 500 ## - NOTA GENERAL | |
| Nota general | Los impresores son: v. I, Jaime Jepús Roviralta - v. II, Tipografía de La Academia - v. III, Enrique Rubiños. |
| 530 ## - NOTA DISPONIBLE DE FORMULARIO FÍSICO ADICIONAL | |
| Nota de formato físico adicional disponible | Disponible en formato digital. |
| 597 ## - NOTA DE DESCRIPCIÓN FÍSICA | |
| NOTA DE DESCRIPCIÓN FÍSICA | Port. a dos tintas. |
| 651 #4 - PUNTO DE ACCESO ADICIONAL DE MATERIA--NOMBRE GEOGRÁFICO | |
| Nombre geográfico | Oriente Medio- |
| Subdivisión general | Descripción. |
| 9 (RLIN) | 159943 |
| 700 1# - ENTRADA AGREGADA--NOMBRE PERSONAL | |
| Nombre de persona | Velázquez Bosco, Ricardo, |
| Fechas asociadas al nombre | 1843-1923 |
| 9 (RLIN) | 113808 |
| 852 ## - LOCALIZACIÓN | |
| Ubicación | ES-MaACL |
| Número de control de estantería | C-784-85 |
| Nota libre | - Enc. hol. |
| condición física | - Falto del t. III |
| 856 ## - LOCALIZACIÓN Y ACCESO ELECTRÓNICOS | |
| Identificador Uniforme de Recursos | <a href="http://bibliotecadigitalhispanica.bne.es:80/webclient/DeliveryManager?pid=3085314&custom_att_2=simple_viewer">http://bibliotecadigitalhispanica.bne.es:80/webclient/DeliveryManager?pid=3085314&custom_att_2=simple_viewer</a> |
| Nota pública | Biblioteca Digital Hispánica |
| Estatus retirado | Estado de pérdida | Estado de daño | No para préstamo | Colección | Biblioteca de origen | Biblioteca actual | Ubicación en estantería | Fecha de adquisición | Fuente de adquisición | Total de préstamos | Signatura topográfica completa | Código de barras | Visto por última vez | Precio de reemplazo | Tipo de ítem Koha |
|---|---|---|---|---|---|---|---|---|---|---|---|---|---|---|---|
| Colección digital | Biblioteca del Ateneo de Madrid | Biblioteca del Ateneo de Madrid | Sala Palomar | 17/01/2008 | C-784-785 | 1170665 | 23/02/2023 | 23/02/2023 | Libro impreso antiguo |
